000 00260nam a22001217a 4500
008 180129b xxu||||| |||| 00| 0 eng d
041 _aeng
080 _a821
100 _a21
101 _aGJL
245 _aRenaissance Drama
_cSchoenbaum, S
942 _2udc
_cBK
999 _c41166
_d41166